Central Library OPAC University of Rajshahi

সা'দত আলি আখন্দ রচনাবলী (Record no. 40190)

MARC details
000 -LEADER
fixed length control field 00922nam a2200229 a 4500
001 - CONTROL NUMBER
control field 40190
003 - CONTROL NUMBER IDENTIFIER
rucl marc code BD-RjUL
005 - DATE AND TIME OF LATEST TRANSACTION
control field 20211209053146.0
008 - FIXED-LENGTH DATA ELEMENTS--GENERAL INFORMATION
fixed length control field 160424s2009 bg ||||| |||| 00| 0 ben d
020 ## - INTERNATIONAL STANDARD BOOK NUMBER
International Standard Book Number 9840747983
Terms of availability : TK 650.00
035 ## - SYSTEM CONTROL NUMBER
System control number (BD-RjUL)40305
040 ## - CATALOGING SOURCE
Original cataloging agency BD-RjUL
Language of cataloging ben
Transcribing agency BD-RjUL
041 ## - LANGUAGE CODE
Language code of text/sound track or separate title ben
082 ## - DEWEY DECIMAL CLASSIFICATION NUMBER
Edition number 23
Classification number 891.4408
Author mark and year SAA 2009
245 00 - TITLE STATEMENT
Title সা'দত আলি আখন্দ রচনাবলী
Statement of responsibility, etc. মুস্তফা নূরুল ইসলাম সম্পাদিত
260 ## - PUBLICATION, DISTRIBUTION, ETC. (IMPRINT)
Place of publication, distribution, etc. ঢাকা :
Name of publisher, distributor, etc. বাংলা একাডেমী,
Date of publication, distribution, etc. ২০০৯
300 ## - PHYSICAL DESCRIPTION
Pagination [১০], ৮৮২ পৃ. :
Illustrations চিত্র ;
Size ২১ সেমি.
650 ## - SUBJECT ADDED ENTRY--TOPICAL TERM
Topical term or geographic name as entry element বাংলা সাহিত্য
9 (RLIN) 123753
Topical term or geographic name as entry element Bengali Literature
9 (RLIN) 123754
700 ## - ADDED ENTRY--PERSONAL NAME
Personal name ইসলাম, মুস্তফা নূরুল, সম্পাদিত
942 ## - ADDED ENTRY ELEMENTS (KOHA)
Source of classification or shelving scheme Dewey Decimal Classification
Koha item type Books
Holdings
Lost status Source of classification or shelving scheme Damaged status Not for loan Collection code Permanent Location Current Location Shelving location Date acquired Source of acquisition Cost, normal purchase price Total Checkouts Full call number Date last seen Copy number Koha item type Date checked out
  Dewey Decimal Classification   Not For Loan Non-fiction Central Library, University of Rajshahi Central Library, University of Rajshahi Reading Room 16/04/2016 Viddasogor, Rajshahi 650.00   B 891.4408 SAA 2009 24/04/2016 C-1 Books  
  Dewey Decimal Classification     Non-fiction Central Library, University of Rajshahi Central Library, University of Rajshahi   16/04/2016 Viddasogor, Rajshahi 650.00   B 891.4408 SAA 2009 24/04/2016 C-2 Books  
  Dewey Decimal Classification     Non-fiction Central Library, University of Rajshahi Central Library, University of Rajshahi   16/04/2016 Viddasogor, Rajshahi 650.00 1 B 891.4408 SAA 2009 24/06/2018 C-3 Books 13/05/2018